[Event "EU-chT (Men)"]
[Site "Pula"]
[Date "1997.??.??"]
[Round "3"]
[White "Godena, Michele"]
[Black "Hracek, Zbynek"]
[Result "1/2-1/2"]
[WhiteElo "2545"]
[BlackElo "2630"]

1.e4 c5 2.c3 Nf6 3.e5 Nd5 4.Nf3 e6 5.d4 cxd4 6.cxd4 b6 7.Bd3 Ba6 8.O-O Be7
9.Nc3 Nxc3 10.bxc3 Bxd3 11.Qxd3 O-O 12.Bf4 Nc6 13.d5 exd5 14.Qxd5 Qc7 15.Rad1 Rad8
16.Qe4 Qc8 17.Rd3 Rfe8 18.Ng5 g6 19.Rh3 d5 20.Qb1 Qg4 21.Be3 Bxg5 22.Rg3 Qxg3
23.hxg3 Bxe3 24.fxe3 Rxe5 25.Qd3 Na5 26.Qa6 Re7 27.Rd1 Nc4 28.e4 Ne3 29.Re1 Ng4
30.Qd3 Rdd7 31.Rd1 Ne5 32.Qa6 dxe4 33.Rxd7 Rxd7 34.Qc8+ Kg7 35.Qe8 Rd1+ 36.Kf2 Ng4+
37.Ke2 Rd5 38.Qe7 Ra5 39.a3 h5 40.c4 e3 41.Ke1 Ra4 42.c5 Rc4 43.cxb6 axb6
44.Qb7 Rc1+ 45.Ke2 Rc2+ 46.Ke1 Rc1+ 47.Ke2 Rc2+ 48.Ke1 Nf2 49.Qd5 Rc5 50.Qd4+ Kh7
51.Qd6 Rc1+ 52.Ke2 Rc2+ 53.Kxe3 Ng4+ 54.Kd3 Rc6 55.Qf8 Rf6 56.Ke2 b5 57.Ke1 Rf5
58.Ke2 Ne5 59.Qb4 Ng4 60.Qf8 Nh6 61.Ke1 Rd5 62.Ke2 Re5+ 63.Kf2 Ng4+ 64.Kf1 Rf5+
65.Ke2 Nf2 66.Ke3 Nh1 67.Qd6 Nf2 68.Qf8 Ng4+ 69.Ke2  1/2-1/2

[Event "Pula op"]
[Site "Pula"]
[Date "1997.??.??"]
[Round "4"]
[White "Sermek, Drazen"]
[Black "Nikolov, Sasho"]
[Result "1-0"]
[WhiteElo "2575"]
[BlackElo "2370"]

1.e4 c5 2.c3 Nf6 3.e5 Nd5 4.d4 cxd4 5.Nf3 e6 6.cxd4 d6 7.Bc4 Nc6 8.O-O Be7
9.Qe2 O-O 10.Qe4 Ndb4 11.exd6 Qxd6 12.Bf4 Qd8 13.Nc3 Na5 14.Be2 Bd7 15.Ne5 Bc6
16.Nxc6 Naxc6 17.Rad1 Bf6 18.Bc4 Na5 19.Bb5 a6 20.d5 Nxd5 21.Nxd5 exd5 22.Rxd5 Qe7
23.Qxe7 Bxe7 24.Be2 Bd8 25.Rc1 Bb6 26.Rd6 Ba7 27.Rd7 Rfe8 28.Bf3 Re6 29.b4 Rae8
30.h4  1-0

[Event "Pula op"]
[Site "Pula"]
[Date "1997.??.??"]
[Round "4"]
[White "Shaked, Tal"]
[Black "Palac, Mladen"]
[Result "0-1"]
[WhiteElo "2445"]
[BlackElo "2595"]

1.e4 c5 2.c3 Nf6 3.e5 Nd5 4.d4 cxd4 5.Nf3 Nc6 6.Bc4 e6 7.cxd4 d6 8.O-O Be7
9.Bd2 O-O 10.Nc3 Nb6 11.Bb3 Bd7 12.Bf4 d5 13.Bc2 Rc8 14.a3 Nc4 15.Qd3 g6
16.Bc1 b5 17.Nd1 b4 18.a4 f6 19.exf6 Bxf6 20.Ne3 Bg7 21.Bd1 Qb6 22.Nxc4 dxc4
23.Qxc4 Nxd4 24.Qd3 e5 25.Nxd4 exd4 26.Bd2 a5 27.Bb3+ Kh8 28.Rac1 Bf5 29.Qg3 d3
30.Rxc8 Rxc8 31.Rc1 Re8 32.Be3 Qf6 33.Bc4 Qxb2 34.Bb5 Qxc1+  0-1

[Event "EU-chT (Women)"]
[Site "Pula"]
[Date "1997.??.??"]
[Round "5"]
[White "Lalic, Susan"]
[Black "Grabics, Monika"]
[Result "1-0"]
[WhiteElo "2405"]
[BlackElo "2255"]

1.e4 c5 2.c3 Nf6 3.e5 Nd5 4.d4 cxd4 5.Nf3 Nc6 6.Bc4 Nb6 7.Bb3 d5 8.exd6 Qxd6
9.O-O Be6 10.Bxe6 Qxe6 11.Nxd4 Nxd4 12.cxd4 Rd8 13.Nc3 Qc4 14.Qf3 Rd7 15.Bf4 e6
16.Be5 f6 17.Bb8 Qc6 18.Qh5+ g6 19.Qh4 Kf7 20.Bxa7 Nc4 21.Ne4 b6 22.Qxf6+ Kg8
23.Qf3 Kg7 24.Bb8 Be7 25.Be5+ Nxe5 26.dxe5 Rf8 27.Qe2 Rf4 28.f3 Rd5 29.Rac1 Qa4
30.Rc7 Rf7 31.Rc4 Qa7 32.Kh1 b5 33.Rc6 Rxe5 34.b3 Qd7 35.Qc2 Qd4 36.Rd1 Qe3
37.Rc3 Qh6 38.g3 Qh5 39.Kg2 Qf5 40.Nd6 Bxd6 41.Rxd6 Qf6 42.Rcd3 Re1 43.Qf2 Qe5
44.Rd2 g5 45.Qd4 Rf5 46.a4 bxa4 47.bxa4 Qxd4 48.R6xd4 Ra1 49.Re2 Ra3 50.Rxe6 Ra2+
51.Kh3 Rxf3 52.Kg4 Rf7 53.Kxg5 Rxh2 54.a5 Rg2 55.Kg4 Ra2 56.a6 Ra7 57.Rdd6 Rf7
58.Rb6 Ra4+ 59.Kh3 Ra5 60.Rec6 Ra4 61.g4 Ra3+ 62.Kh4 Ra1 63.Kh5 Ra5+ 64.g5 Ra1
65.Rb7 Rh1+ 66.Kg4 Rg1+ 67.Kh4 Rh1+ 68.Kg3 Rxb7 69.axb7 Rb1 70.Rc7+ Kg6 71.Kf4 Rb5
72.Ke4 Rb1 73.Kd5 Rb2 74.Kc6 Rb1 75.Kc5 Rb2 76.Rc6+ Kxg5 77.Rb6 Rc2+ 78.Kd4 Rd2+
79.Ke3 Rd8 80.b8=Q Rxb8 81.Rxb8 Kg4 82.Kf2 h5 83.Kg2  1-0

[Event "EU-chT (Men)"]
[Site "Pula"]
[Date "1997.??.??"]
[Round "6"]
[White "Degraeve, Jean Marc"]
[Black "Stohl, Igor"]
[Result "1-0"]
[WhiteElo "2515"]
[BlackElo "2580"]

1.e4 c5 2.c3 Nf6 3.e5 Nd5 4.d4 cxd4 5.Nf3 Nc6 6.Bc4 Nb6 7.Bb3 d5 8.exd6 Qxd6
9.O-O Be6 10.Na3 dxc3 11.Qe2 Bxb3 12.Nb5 Qb8 13.axb3 e5 14.bxc3 Be7 15.Bg5 f6
16.Be3 Nc8 17.Nh4 O-O 18.Qg4 a6 19.Nf5 g6 20.Na3 Bxa3 21.Rxa3 N8e7 22.Qc4+ Kh8
23.Nxe7 Nxe7 24.Bh6 Nf5 25.Bxf8 Qxf8 26.Ra5 Rc8 27.Qd3 Qf7 28.c4 Nd4 29.f4 Nc6
30.Rd5 exf4 31.Rxf4 Re8 32.Rd7 Re7 33.Rxe7 Qxe7 34.Re4 Ne5 35.h3 Kg7 36.Qd5 Kf8
37.c5 h5 38.Rd4 Nf7 39.Rd1 h4 40.Kh1 g5 41.c6 bxc6 42.Qxc6 Qe2 43.Ra1  1-0

[Event "EU-chT (Men)"]
[Site "Pula"]
[Date "1997.??.??"]
[Round "6"]
[White "Westerinen, Heikki MJ"]
[Black "Mohr, Georg"]
[Result "1/2-1/2"]
[WhiteElo "2425"]
[BlackElo "2495"]

1.e4 c5 2.c3 Nf6 3.e5 Nd5 4.d4 cxd4 5.Nf3 Nc6 6.Bc4 Nb6 7.Bb3 d5 8.exd6 Qxd6
9.O-O Be6 10.Bxe6 Qxe6 11.Nxd4 Nxd4 12.Qxd4 Rd8 13.Qb4 Qc6 14.a4 a6 15.a5 Nd5
16.Qa4 e6 17.Nd2 Be7 18.Nc4 Qxa4 19.Rxa4 O-O 20.Re1 Rc8 21.Kf1 Rfd8 22.Ke2 f6
23.Rd1 Kf7 24.Rd3 g5 25.g3 h5 26.Ne3 Nxe3 27.Bxe3 e5 28.Rxd8 Rxd8 29.Rc4 Ke6
30.Bb6 Rd7 31.Rc8  1/2-1/2

[Event "EU-chT (Men)"]
[Site "Pula"]
[Date "1997.??.??"]
[Round "7"]
[White "Pavasovic, Dusko"]
[Black "Sideif Sade, Fikret I"]
[Result "1/2-1/2"]
[WhiteElo "2460"]
[BlackElo "2435"]

1.e4 c5 2.c3 Nf6 3.e5 Nd5 4.d4 cxd4 5.Nf3 e6 6.cxd4 d6 7.Bc4 Be7 8.O-O Nc6
9.Qe2 O-O 10.Qe4 b6 11.Bxd5 exd5 12.Qxd5 Ba6 13.Rd1 Nb4 14.Qb3 d5 15.Na3 Qd7
16.Bd2 Nd3 17.Be3 Nb4 18.Bd2 Nd3 19.Ne1 Nxe1 20.Bxe1 Bxa3 21.Qxa3 Bb5 22.Qg3 Rac8
23.Bc3 Rc6 24.Re1 a5 25.Re3 Rg6 26.Qf4 Bc4 27.h3 h6 28.Kh2 f5 29.a3 Re6 30.h4 Qf7
31.Kg1 Qh5 32.Rc1 Rg6 33.f3 Re6 34.Ree1 g5 35.hxg5 hxg5 36.Qh2 Qxh2+ 37.Kxh2 Kg7
38.Bd2 Kg6 39.Kg3 f4+ 40.Kf2 Rh8 41.Rh1 Rxh1 42.Rxh1 Re8 43.g3 fxg3+ 44.Kxg3 Ba6
45.Kf2 Rf8 46.Rg1 Rf5 47.b3 Bd3 48.Rc1 Be4 49.Rc3 g4 50.Rc6+ Kg7 51.f4 Rh5
52.Kg3 Bf5 53.Be3 Rh3+ 54.Kf2 Be4 55.Rc7+ Kg6 56.Rc6+ Kg7 57.Rc7+ Kg6 58.Rc6+  1/2-1/2

[Event "EU-chT (Women)"]
[Site "Pula"]
[Date "1997.??.??"]
[Round "7"]
[White "Lalic, Susan"]
[Black "Peptan, Corina"]
[Result "0-1"]
[WhiteElo "2405"]
[BlackElo "2425"]

1.e4 c5 2.c3 Nf6 3.e5 Nd5 4.d4 cxd4 5.Nf3 e6 6.Bc4 d6 7.cxd4 Nc6 8.O-O Be7
9.Qe2 O-O 10.Nc3 Nxc3 11.bxc3 dxe5 12.dxe5 Qc7 13.Qe4 b6 14.Bg5 Bb7 15.Bd3 g6
16.Qh4 Bxg5 17.Nxg5 h5 18.f4 Ne7 19.Be4 Rad8 20.Rf2 Nf5 21.Bxf5 exf5 22.e6 f6
23.Nf7 Qxc3 24.Raf1 Rd3 25.Ne5 fxe5 26.Qg5 e4 27.e7 Rd6 28.exf8=Q+ Kxf8 29.Qg3 Qxg3
30.hxg3 Rd3 31.Kh2 Bd5 32.Rc1 Ra3 33.Rd2 Be6 34.Rd6 Ke7 35.Rcc6 Bd7 36.Rxg6 Bxc6
37.Rxc6 Rxa2 38.Rh6 e3  0-1

[Event "EU-chT (Women)"]
[Site "Pula"]
[Date "1997.??.??"]
[Round "8"]
[White "Trabert, Bettina"]
[Black "Tsifanskaya, Ludmila A"]
[Result "1-0"]
[WhiteElo "2250"]
[BlackElo "2265"]

1.e4 c5 2.c3 Nf6 3.e5 Nd5 4.d4 cxd4 5.Nf3 Nc6 6.Bc4 Nb6 7.Bb3 g6 8.O-O Bg7
9.Bf4 O-O 10.cxd4 d6 11.exd6 exd6 12.h3 Qf6 13.Bg5 Qf5 14.Bc2 Qb5 15.Nc3 Qxb2
16.Bd2 d5 17.a3 Nxd4 18.Ra2 Qxc2 19.Rxc2 Nxc2 20.Qxc2 Bf5 21.Qb3 d4 22.Nb5 Be6
23.Qb1 Bf5 24.Qb3 Be6 25.Qb1 Bf5 26.Qb4 a5 27.Qc5 Na4 28.Qc4 Nb6 29.Qc7 Nd5
30.Qc5 Nc3 31.Nfxd4 Ne4 32.Qc1 Rac8 33.Qd1 Nxd2 34.Qxd2 Be4 35.Qxa5 Rfd8
36.Qb4 Bd3 37.Rd1 Bxd4 38.Nxd4 Rc4 39.Qxb7 Rcxd4 40.Qb2 R4d7 41.Qc3 h5 42.a4 Bf5
43.Rxd7 Rxd7 44.a5 Kh7 45.Kh2 Bd3 46.Qb3 Kg7 47.Qb6 Kh7 48.a6 Bxa6 49.Qxa6 Kg7
50.Qa1+ Kg8 51.Qc3 Rd5 52.g4 hxg4 53.hxg4 g5 54.Kg2 Kf8 55.Kf3 Kg8 56.Ke4  1-0

[Event "EU-chT (Men)"]
[Site "Pula"]
[Date "1997.??.??"]
[Round "9"]
[White "Stevic, Hrvoje"]
[Black "Maki, Veijo"]
[Result "1/2-1/2"]
[WhiteElo "2400"]
[BlackElo "2395"]

1.e4 c5 2.c3 Nf6 3.e5 Nd5 4.d4 cxd4 5.Nf3 e6 6.cxd4 b6 7.Nc3 Nxc3 8.bxc3 Qc7
9.Bd2 Be7 10.Bd3 Ba6 11.Bxa6 Nxa6 12.Qe2 Qb7 13.O-O O-O 14.Ng5 f6 15.exf6 Bxf6
16.Ne4 Be7 17.Qd3 Nc7 18.Bg5 Bxg5 19.Nxg5 Rf5 20.f4 Nd5 21.Qe4 Qc8 22.c4 Nf6
23.Qd3 h6 24.Ne4 Nxe4 25.Qxe4 d5 26.cxd5 Rxd5 27.Rae1 Qd7 28.Qxe6+ Qxe6 29.Rxe6 Rxd4
30.Re7 Rc8 31.h3 Rc2 32.Rf3 Rxa2 33.f5 Rd5 34.f6 gxf6 35.Rc3 Kf8 36.Rh7 Rc5
37.Rd3 Ke8 38.Rdd7 Rg5 39.Rb7  1/2-1/2

[Event "EU-chT (Men)"]
[Site "Pula"]
[Date "1997.??.??"]
[Round "9"]
[White "Salai, Ladislav"]
[Black "Krakops, Maris"]
[Result "1/2-1/2"]
[WhiteElo "2460"]
[BlackElo "2440"]

1.e4 c5 2.c3 Nf6 3.e5 Nd5 4.d4 cxd4 5.Nf3 Nc6 6.Bc4 Nb6 7.Bb3 d5 8.exd6 Qxd6
9.Na3 dxc3 10.Qe2 cxb2 11.Bxb2 Qb4+ 12.Kf1 Bf5 13.Rd1 Rd8 14.Rxd8+ Nxd8 15.Nd4 Bd7
16.h4 Nc6 17.Nac2 Nxd4 18.Nxd4 Qc5 19.Kg1 a5 20.a3 e5 21.Kh2 a4 22.Ba2 Bd6
23.Rc1 Qa5 24.Nf3 O-O 25.Nxe5 Qb5 26.Qxb5 Bxb5 27.g3 Bxe5 28.Bxe5 Rc8 29.Rb1 Bc4
30.Rxb6 Bxa2 31.Rxb7 f6 32.Rb8  1/2-1/2

[Event "EU-chT (Men)"]
[Site "Pula"]
[Date "1997.??.??"]
[Round "9"]
[White "Godena, Michele"]
[Black "Antunes, Antonio"]
[Result "1-0"]
[WhiteElo "2545"]
[BlackElo "2510"]

1.e4 c5 2.c3 Nf6 3.e5 Nd5 4.d4 cxd4 5.cxd4 d6 6.Nf3 Nc6 7.Bc4 Nb6 8.Bb5 dxe5
9.Nxe5 Bd7 10.Nxd7 Qxd7 11.Nc3 e6 12.O-O Be7 13.Qg4 O-O 14.Rd1 Rfd8 15.Bh6 Bf6
16.Ne4 Qe7 17.Bxc6 bxc6 18.Rac1 Rac8 19.h4 Rd5 20.Rc3 Kh8 21.Rf3 Rg8 22.Nxf6 gxf6
23.Qxg8+ Kxg8 24.Rg3+ Rg5 25.hxg5 f5 26.Rc1 f4 27.Rgc3 f6 28.Rxc6 fxg5 29.Rc7 Qf6
30.Bg7 Qf5 31.Be5 f3 32.Rg7+ Kf8 33.Rcc7  1-0

[Event "Recklinghausen"]
[Site "Recklinghausen"]
[Date "1997.??.??"]
[Round "3"]
[White "Maiwald, Jens Uwe"]
[Black "Mainka, Romuald"]
[Result "1-0"]
[WhiteElo "2450"]
[BlackElo "2520"]

1.e4 c5 2.c3 Nf6 3.e5 Nd5 4.Nf3 Nc6 5.Bc4 Nb6 6.Bb3 c4 7.Bc2 Qc7 8.Qe2 g5
9.e6 dxe6 10.Nxg5 Qe5 11.d4 cxd3 12.Bxd3 Nd5 13.O-O Qxe2 14.Bxe2 h6 15.Nf3 e5
16.Bb5 Bg7 17.Re1 f6 18.Nbd2 O-O 19.Nf1 Bf5 20.Ng3 Bh7 21.Nh4 e6 22.Nh5 Nc7
23.Bc4 b5 24.Bf1 f5 25.Nxg7 Kxg7 26.a4 a6 27.Be3 Rab8 28.axb5 axb5 29.Nf3 e4
30.Nd4  1-0

[Event "ISL-chT"]
[Site "Reykjavik"]
[Date "1997.??.??"]
[Round "?"]
[White "Rausis, Igors"]
[Black "Olafsson, Helgi"]
[Result "1/2-1/2"]
[WhiteElo "2470"]
[BlackElo "2500"]

1.e4 c5 2.c3 Nf6 3.e5 Nd5 4.d4 cxd4 5.cxd4 d6 6.Nf3 Nc6 7.Bc4 Nb6 8.Bb3 dxe5
9.d5 Na5 10.Na3 Nxb3 11.Qxb3 e6 12.Nxe5 Bd6 13.Qb5+ Kf8 14.Bf4 f6 15.Nd3 e5
16.Be3 Bf5 17.Nc5 Bxc5 18.Bxc5+  1/2-1/2

[Event "Robecchetto op"]
[Site "Robecchetto"]
[Date "1997.??.??"]
[Round "1"]
[White "Scavo, Fernando"]
[Black "Sgnaolin, Davide"]
[Result "1-0"]
[WhiteElo "2155"]
[BlackElo "2065"]

1.e4 c5 2.c3 Nf6 3.e5 Nd5 4.g3 Qc7 5.Qe2 Nc6 6.Nf3 e6 7.Bg2 d6 8.exd6 Bxd6
9.O-O O-O 10.Na3 a6 11.Nc4 Be7 12.a4 b6 13.d3 Bb7 14.Bd2 Bf6 15.Ng5 Rfe8
16.Qh5 Bxg5 17.Bxg5 h6 18.Bxd5 exd5 19.Bf4 Qd8 20.Nd6 Re7 21.Rae1 Qd7 22.Nf5 Re6
23.Qg4 g6 24.Nxh6+ Kf8 25.Qh3 Rd8 26.Ng4 Kg8 27.Bg5  1-0

[Event "Rome-ch"]
[Site "Rome"]
[Date "1997.??.??"]
[Round "2"]
[White "Nurkic, Sahbaz"]
[Black "De Vita, Gianni"]
[Result "1-0"]
[WhiteElo "2395"]
[BlackElo "2170"]

1.e4 c5 2.c3 Nf6 3.e5 Nd5 4.d4 cxd4 5.Nf3 d6 6.cxd4 Nc6 7.Bc4 e6 8.O-O Be7
9.Qe2 O-O 10.a3 Qb6 11.Rd1 Na5 12.Nbd2 Nxc4 13.Nxc4 Qa6 14.Bg5 f6 15.exf6 Bxf6
16.Rac1 Bd7 17.Qe4 Rae8 18.Bxf6 Rxf6 19.Ng5 Rf5 20.h4 g6 21.g3 Nf6 22.Qe1 Ba4
23.Rd2 Bb5 24.Ne3 Rxg5 25.hxg5 Ne4 26.Ng4 Nxg5 27.Qe3  1-0

[Event "Rome-ch"]
[Site "Rome"]
[Date "1997.??.??"]
[Round "3"]
[White "Malloni, Marcello"]
[Black "Corvi, Marco"]
[Result "1/2-1/2"]
[WhiteElo "2225"]
[BlackElo "2235"]

1.e4 c5 2.c3 Nf6 3.e5 Nd5 4.d4 e6 5.Nf3 cxd4 6.cxd4 b6 7.Nc3 Nxc3 8.bxc3 Qc7
9.Bd2 Bb7 10.Bd3 d6 11.O-O Nd7 12.Bf4 dxe5 13.Nxe5 Nxe5 14.Bxe5 Bd6 15.Bb5+ Bc6
16.Qf3 Rc8 17.Bxc6+ Qxc6 18.d5 Qc7 19.Bxg7 Rg8 20.Bf6 Bxh2+ 21.Kh1 Qf4 22.dxe6 Qxf3
23.gxf3 Rc5 24.Rad1 Bd6 25.Rd4 Rh5+ 26.Rh4 Rxh4+ 27.Bxh4 fxe6 28.Rd1 Be7
29.Bg3 Rg5 30.Re1 Kd7 31.Be5 Bc5 32.f4 Rg8 33.Re2 b5 34.Kh2 a6 35.Rd2+ Kc6
36.Kh1 Be7 37.Rd3 h5 38.Rh3 h4 39.Bd4 Kd5 40.Be5 Bc5 41.Rxh4 Bxf2 42.Rh7 Ke4
43.Rh6 Kf3 44.Rxe6 Rg4 45.Rh6 Rh4+ 46.Rxh4 Bxh4 47.Kg1 Bg3 48.Kf1 Bxf4 49.Bxf4 Kxf4
50.Ke2 Ke4 51.Kd2 Kd5 52.Kc2 Kc4 53.a4 bxa4  1/2-1/2

[Event "WchT U26"]
[Site "Roque Saenz Pena"]
[Date "1997.??.??"]
[Round "5"]
[White "Maia, Luciano M"]
[Black "Cubas, Jose Fernando"]
[Result "1/2-1/2"]
[WhiteElo "2175"]
[BlackElo "2110"]

1.e4 c5 2.c3 Nf6 3.e5 Nd5 4.g3 d6 5.exd6 Qxd6 6.Bg2 Nc6 7.Na3 a6 8.Nc4 Qd8
9.a4 Be6 10.d3 g6 11.Nf3 h6 12.O-O Bg7 13.Qe2 O-O 14.Nfe5 Nxe5 15.Nxe5 Qc8
16.Re1 Nc7 17.Nc4 Rb8 18.Bf4 b5 19.axb5 axb5 20.Ne5 Rb6 21.Nc6 Qd7 22.Ra7 Rc8
23.Ne5 Qd8 24.Nc6 Qd7 25.Bxc7 Rxc6 26.Bxc6 Qxc6 27.Bf4 g5 28.Be5 f6 29.Bc7 Bh3
30.Qe4 Rxc7 31.Qxc6 Rxc6 32.Rexe7 Bf8 33.Re8 Re6 34.Rxe6 Bxe6 35.Kf1 g4 36.Rb7 b4
37.Ke2 h5 38.cxb4 cxb4 39.Ke3 b3 40.d4 Bd5 41.Rd7 Bc6 42.Rc7 Bd5 43.Kd3 Bb4
44.Rd7 Bf7 45.Rd8+ Kg7 46.d5 Ba5 47.Ra8 Bc7 48.Ra6 Be5 49.d6 Bg6+ 50.Kc4 Kf7
51.Kd5 Bf5 52.Ra7+ Ke8 53.Rb7 Bxb2 54.Rxb3 Be5 55.Kc6 Be4+ 56.Kc7 Kf7 57.Re3 Bf5
58.Kc6 Ke6 59.Re2 Bd3 60.Rd2 Be4+ 61.Kc7 Bf5 62.Re2 Kd5 63.Rd2+ Ke6  1/2-1/2

[Event "WchT U26"]
[Site "Roque Saenz Pena"]
[Date "1997.??.??"]
[Round "7"]
[White "Zarnicki, Pablo"]
[Black "Barria, Daniel"]
[Result "1/2-1/2"]
[WhiteElo "2550"]
[BlackElo "2355"]

1.e4 c5 2.c3 Nf6 3.e5 Nd5 4.Nf3 e6 5.Bc4 Nb6 6.Bb3 d6 7.O-O dxe5 8.Nxe5 N8d7
9.Nf3 Be7 10.d4 O-O 11.Qe2 cxd4 12.cxd4 Nf6 13.Nc3 Bd7 14.Ne5 Rc8 15.Bg5 Bc6
16.Rfe1 Bd5 17.Bc2 Nfd7 18.Qh5 g6 19.Nxg6 fxg6 20.Bxg6 hxg6 21.Qxg6+ Kh8
22.Re3 Bxg5 23.Rh3+ Bh4 24.Nxd5 Nxd5 25.Qh6+ Kg8  1/2-1/2

[Event "Texas-ch"]
[Site "San Antonio"]
[Date "1997.??.??"]
[Round "5"]
[White "Shivaji, Shivkumar"]
[Black "Dimazana, Eric"]
[Result "1/2-1/2"]
[WhiteElo "2049"]
[BlackElo "2291"]

1.e4 c5 2.c3 Nf6 3.e5 Nd5 4.Nf3 e6 5.d4 cxd4 6.cxd4 b6 7.Nc3 Nxc3 8.bxc3 Qc7
9.Bd2 Bb7 10.Bd3 d6 11.exd6 Bxd6 12.O-O Nd7 13.Qe2 h6 14.Rae1 Bf4 15.Ne5 Bxd2
16.Qxd2 Nxe5 17.Rxe5 O-O 18.Rfe1 Rac8 19.R1e3 Qd8 20.Rg3 Qh4 21.Be2 Kh8 22.Rh3 Qf6
23.Reh5 Kg8 24.Rg3 Kh8 25.Rgh3 Kg8 26.Rg3 Be4 27.Rxh6 Bg6 28.Rhh3 Rfd8 29.Bd3 Bxd3
30.Rxd3  1/2-1/2

[Event "Bayern-ch Seniors op"]
[Site "Schloss Schney"]
[Date "1997.??.??"]
[Round "3"]
[White "Knebel, Willi"]
[Black "Kramer, Gerhard"]
[Result "0-1"]
[WhiteElo "1894"]
[BlackElo "2121"]

1.e4 c5 2.c3 Nf6 3.e5 Nd5 4.d4 cxd4 5.Nf3 Nc6 6.cxd4 d6 7.exd6 Qxd6 8.Nc3 Bg4
9.Be2 e6 10.O-O Be7 11.a3 a6 12.h3 Bh5 13.Re1 O-O 14.Ne4 Qc7 15.Bg5 Qb6 16.Bxe7 Ndxe7
17.Qd2 Bxf3 18.Bxf3 Nxd4 19.Qg5 Ng6 20.Rab1 Nxf3+ 21.gxf3 Qc7 22.Rbc1 Qf4
23.Qg3 Rac8 24.Rcd1 Rc2 25.b4 Ra2 26.Rd3 b6 27.Rc3 h6 28.Kf1 Qb8 29.h4 Kh8
30.Nd6 Kg8 31.Rec1 Ne7 32.Rc7 Qd8 33.Ne4 Nf5 34.Qg1 Nxh4 35.Rd7 Qb8 36.Rdc7 Ra1
37.Nf6+ Kh8 38.Nh5 Nf5 39.Kg2 Rxc1 40.Qxc1 Qd8 41.Qc6 Qd6 42.Qc3 Qd5 43.Rc4 e5
44.Rg4 Qe6 45.Qd2 g5 46.Qe2 b5 47.Re4 Qg6 48.Ng3 Nxg3 49.fxg3 Rc8 50.Qd1 Qe6
51.Re2 Kg7 52.Qe1 f6 53.f4 gxf4 54.gxf4 Qg4+ 55.Kh1 Qxf4 56.Rg2+ Kh8 57.Rd2 Rg8
58.Rg2 Qf3  0-1

[Event "Schwaebisch Gmuend op"]
[Site "Schwaebisch Gmuend"]
[Date "1997.??.??"]
[Round "1"]
[White "Held, Peter"]
[Black "Kraetschmer, Thilo"]
[Result "1/2-1/2"]
[WhiteElo "2310"]
[BlackElo "1765"]

1.e4 c5 2.c3 Nf6 3.e5 Nd5 4.d4 cxd4 5.cxd4 e6 6.a3 d6 7.Nf3 Nc6 8.Bd3 Be7
9.O-O O-O 10.Qe2 Bd7 11.Qe4 f5 12.exf6 Nxf6 13.Qe2 Qc7 14.Nc3 a6 15.Bg5 Rae8
16.Rad1 b5 17.Bb1 Nd5 18.Qe4 g6 19.Nxd5 exd5 20.Qxd5+ Kg7 21.Rc1 Qb6 22.Be3 Na5
23.Nd2 Bc6 24.Qe6 Bg5 25.Qh3 Bxe3 26.fxe3 Rxf1+ 27.Rxf1 Nc4 28.Ne4 Qd8 29.Nf6 Rh8
30.Qg3 Rf8 31.Nh5+ Kh8 32.Rxf8+ Qxf8 33.Nf4 Qf6 34.Ba2 Nxb2 35.Ne6 Nc4 36.Bxc4 bxc4
37.Qxd6 Be8 38.e4 Qf7 39.e5 Qf5 40.Qe7 Qb1+ 41.Kf2 Qc2+ 42.Kg3 Qd3+ 43.Kh4 Qe4+
44.Kh3 Qf5+  1/2-1/2

[Event "Schwaebisch Gmuend op"]
[Site "Schwaebisch Gmuend"]
[Date "1997.??.??"]
[Round "3"]
[White "Dzubasz, Thomas"]
[Black "Gheng, Josef"]
[Result "0-1"]
[WhiteElo "2080"]
[BlackElo "2295"]

1.e4 c5 2.c3 Nf6 3.e5 Nd5 4.d4 cxd4 5.Qxd4 e6 6.Nf3 Nc6 7.Qe4 f5 8.exf6 Nxf6
9.Qh4 Be7 10.Bd3 O-O 11.Bg5 h6 12.Bxh6 gxh6 13.Qg3+ Kh8 14.Qg6 Qe8 15.Qxh6+ Kg8
16.Bg6 Rf7 17.Ng5 Ne5 18.Bxf7+ Nxf7 19.Qg6+ Kf8 20.h4 Ne5 21.Nh7+ Nxh7 22.Qxh7 Bf6
23.Nd2 Qg6 24.Qxg6 Nxg6 25.h5 Nf4 26.O-O-O d5 27.Nf3 Nxg2 28.h6 Bd7 29.Rdg1 Nf4
30.Kd2 Kf7 31.Ng5+ Bxg5 32.Rxg5 Ng6 33.Rhg1 Ne7 34.Rg7+ Kf6 35.R1g3 Bc6 36.f4 Rh8
37.h7 d4 38.cxd4 Be4 39.Rg8 Rxh7 40.Rf8+ Rf7 41.Rxf7+ Kxf7 42.Rc3 Kf6 43.Rc7 Bc6
44.Kc3 Nd5+  0-1

[Event "Schwaebisch Gmuend op"]
[Site "Schwaebisch Gmuend"]
[Date "1997.??.??"]
[Round "5"]
[White "Westphal, Frank"]
[Black "Koch, Hans Juergen"]
[Result "0-1"]
[WhiteElo "1925"]
[BlackElo "2065"]

1.e4 c5 2.c3 Nf6 3.e5 Nd5 4.d4 cxd4 5.Qxd4 e6 6.Bc4 Nc6 7.Qe4 Nde7 8.Bb3 Qc7
9.f4 f6 10.Na3 a6 11.Nc4 Ng6 12.a4 fxe5 13.fxe5 Ncxe5  0-1

[Event "Schwaebisch Gmuend op"]
[Site "Schwaebisch Gmuend"]
[Date "1997.??.??"]
[Round "6"]
[White "Huber, Armin"]
[Black "Chandler, Patrick"]
[Result "1/2-1/2"]
[WhiteElo "2330"]
[BlackElo "2150"]

1.e4 c5 2.c3 Nf6 3.e5 Nd5 4.d4 cxd4 5.cxd4 Nc6 6.Nf3 d6 7.Bc4 Nb6 8.Bb5 d5
9.O-O Bg4 10.Be3 e6 11.h3 Bh5 12.Nbd2 Rc8 13.Rc1 Be7 14.Nb3 Nd7 15.Be2 O-O
16.Nfd2 Bg6 17.f4 f6 18.Bg4 f5 19.Be2 Qb6 20.Nb1 Na5 21.Nxa5 Qxa5 22.Qb3 Qb4
23.Rc3 Qxb3 24.Rxb3 Rc7 25.Rc1 Rfc8 26.Rxc7 Rxc7 27.Kf2 a6 28.a4 Nb8 29.Rb6 Kf7
30.Bd2 Nc6 31.Bc3 Bd8 32.Nd2 Rd7 33.Rb3 Ke8 34.Ra3 Be7 35.Ra1 Rc7 36.Ke3 Nb4
37.Bd1 a5 38.Nb1 Kf8 39.Na3 Be8 40.Nb5 Bxb5 41.axb5 b6 42.g4 g6 43.Bb3 Kf7
44.Kd2  1/2-1/2

[Event "Schwaebisch Gmuend op"]
[Site "Schwaebisch Gmuend"]
[Date "1997.??.??"]
[Round "9"]
[White "Schoenberger, Peter"]
[Black "Rau, Juergen"]
[Result "1/2-1/2"]
[WhiteElo "2005"]
[BlackElo "2175"]

1.e4 c5 2.c3 Nf6 3.e5 Nd5 4.Nf3 Nc6 5.Bc4 Nb6 6.Bb3 d6 7.exd6 Qxd6 8.O-O Bf5
9.d4 cxd4 10.Nxd4 Nxd4 11.Qxd4 Qxd4 12.cxd4 e6 13.Nc3 Bb4 14.Be3 O-O 15.Rfd1 Rac8
16.Rac1 Nc4 17.Bxc4 Rxc4 18.d5 a6 19.dxe6 Bxe6 20.a3 Bxc3  1/2-1/2

[Event "Seefeld op"]
[Site "Seefeld"]
[Date "1997.??.??"]
[Round "?"]
[White "Schmittdiel, Eckhard"]
[Black "Schelle, Artur"]
[Result "1-0"]
[WhiteElo "2450"]
[BlackElo "2260"]

1.e4 c5 2.c3 Nf6 3.e5 Nd5 4.d4 cxd4 5.Nf3 e6 6.cxd4 b6 7.Nc3 Nxc3 8.bxc3 Qc7
9.Bd2 Bb7 10.Bd3 d6 11.O-O Nd7 12.Re1 dxe5 13.Ng5 Be7 14.Qh5 g6 15.Qh6 Bf8
16.Qh3 Bg7 17.f4 e4 18.Nxe4 h6 19.Re2 O-O-O 20.a4 f5 21.Nf2 Rhe8 22.Rae1 Qc6
23.Bb5 Qd5 24.Nd3 a6 25.Nb4 Bxd4+ 26.Kf1 Qb3 27.Bc6 Bc5 28.Bxb7+ Kxb7 29.Qf3+  1-0

[Event "Seefeld op"]
[Site "Seefeld"]
[Date "1997.??.??"]
[Round "?"]
[White "Schmittdiel, Eckhard"]
[Black "Milov, Leonid"]
[Result "1/2-1/2"]
[WhiteElo "2450"]
[BlackElo "2490"]

1.e4 c5 2.c3 Nf6 3.e5 Nd5 4.d4 cxd4 5.Nf3 d6 6.Bc4 dxe5 7.Nxe5 e6 8.Qxd4 Nc6
9.Nxc6 bxc6 10.O-O Bb7  1/2-1/2

[Event "Seefeld op"]
[Site "Seefeld"]
[Date "1997.??.??"]
[Round "?"]
[White "Hoffmann, Hendrik"]
[Black "Lukas, Manfred"]
[Result "0-1"]
[WhiteElo "2265"]
[BlackElo "2120"]

1.e4 c5 2.c3 Nf6 3.e5 Nd5 4.d4 cxd4 5.Nf3 Nc6 6.Bc4 Nb6 7.Bb3 e6 8.cxd4 d6
9.O-O dxe5 10.dxe5 Qxd1 11.Rxd1 Nd7 12.Nc3 Be7 13.Bf4 g5 14.Bxg5 Bxg5 15.Nxg5 Ndxe5
16.Nce4 Ke7 17.f4 h6 18.Nh3 Ng4 19.Rd2 Rd8 20.Rad1 Rxd2 21.Rxd2 Na5 22.Ba4 Nc4
23.Re2 Nb6 24.Bb3 Bd7 25.Nhf2 Bb5 26.Re1 Nxf2 27.Kxf2 Bc4 28.Bxc4 Nxc4 29.f5 e5
30.f6+ Ke6 31.Rd1 Nxb2 32.Rd6+ Kf5 33.Kf3 Kg6 34.g4 Nc4 35.Rd7 Nb6 36.Rxb7 Nd5
37.Rd7 Nf4 38.h4 h5 39.g5 Rc8 40.Rxa7 Rd8 41.Nc5 Rd5 42.Rc7 Kf5 43.a4 e4+
44.Ke3 Ng2+ 45.Ke2 Nxh4 46.a5 Nf3 47.Ke3 Ne5 48.a6 Nc4+ 49.Kf2 e3+ 50.Kf3 Rd2
51.a7 Rf2+ 52.Kg3 Nd2  0-1

[Event "BUL-ch"]
[Site "Shumen"]
[Date "1997.??.??"]
[Round "8"]
[White "Sotirov, Nikolaj"]
[Black "Rusev, Rosen"]
[Result "1/2-1/2"]
[WhiteElo "2175"]
[BlackElo "2175"]

1.e4 c5 2.c3 Nf6 3.e5 Nd5 4.d4 cxd4 5.cxd4 Nc6 6.Nf3 d6 7.Bc4 Nb6 8.Bb5 dxe5
9.Nxe5 Bd7 10.Nc3 Nxe5 11.dxe5 Bxb5 12.Nxb5 Qxd1+ 13.Kxd1 O-O-O+ 14.Ke2 Rd5
15.a4 e6 16.Be3 Rxe5 17.f4 Re4 18.Kf3 Rb4 19.Nxa7+ Kd7 20.Bxb6 Rxb6 21.Rhd1+ Bd6
22.Nb5 Ke7 23.Rd3 Rc8 24.Rad1 Bb4 25.Rd4 Bc5 26.Rd7+ Kf6 27.Rc1 Rbc6 28.Rc3 Bg1
29.Rb3 Rc5 30.Rbd3 Rc2 31.Rb3 R2c5  1/2-1/2

[Event "UKR-ch20"]
[Site "Simferopol"]
[Date "1997.??.??"]
[Round "1"]
[White "Zubarev, Alexander"]
[Black "Ovsejevitsch, Sergei"]
[Result "1-0"]
[WhiteElo "2380"]
[BlackElo "2445"]

1.e4 c5 2.c3 Nf6 3.e5 Nd5 4.d4 cxd4 5.Nf3 Nc6 6.Bc4 Nb6 7.Bb3 d5 8.exd6 Qxd6
9.Na3 dxc3 10.Qe2 a6 11.O-O e6 12.Rd1 Qc7 13.Be3 Be7 14.Rac1 cxb2 15.Qxb2 O-O
16.Bd4 Nd5 17.Nb1 Bf6 18.Bxd5 Bxd4 19.Nxd4 exd5 20.Nxc6 bxc6 21.Rxd5 Be6
22.Rdc5 Rfd8 23.Rg5 g6 24.Rg3 Rab8 25.Qe2 Qb6 26.h4 Qb2 27.Qe1 Bf5 28.Na3 Qxa2
29.Rxc6 Rb2 30.Re3 Be6 31.Rxa6 Rdd2 32.Rexe6 fxe6 33.Ra8+ Kf7 34.Ra7+ Kf6
35.Qe3 Rd1+ 36.Kh2 Qd5 37.Nc4 Qxc4 38.Qg5+  1-0

[Event "RUS-Cup8"]
[Site "Smolensk"]
[Date "1997.??.??"]
[Round "5"]
[White "Alavkin, Arseny"]
[Black "Mozaliov, SV."]
[Result "1-0"]
[WhiteElo "2375"]
[BlackElo "2275"]

1.e4 c5 2.c3 Nf6 3.e5 Nd5 4.d4 cxd4 5.cxd4 e6 6.Nf3 b6 7.Nbd2 Ba6 8.Bxa6 Nxa6
9.Ne4 Bb4+ 10.Kf1 O-O 11.Qd3 Nac7 12.Nfg5 h6 13.h4 Re8 14.Nd6 f5 15.Nxe8 Qxe8
16.Nh3 Qh5 17.Nf4 Nxf4 18.Bxf4 Nd5 19.Bd2 Bxd2 20.Qxd2 Qg4 21.Rc1 Rf8 22.f3 Qh5
23.Kf2 f4 24.Qd3 a5 25.Qe4 Kh8 26.a3 Kg8 27.Ke2 Kh8 28.Kd2 Kg8 29.Rh3 Kh8
30.Rg1 Rc8 31.g4 Qe8  1-0